COMPUTER CONCEPTS AND MANAGEMENT INFORMATION SYSTEMS (Record no. 217048)

MARC details
000 -LEADER
fixed length control field 00729nam a22001697a 4500
008 - FIXED-LENGTH DATA ELEMENTS--GENERAL INFORMATION
fixed length control field 260422b |||||||| |||| 00| 0 eng d
022 ## - INTERNATIONAL STANDARD SERIAL NUMBER
International Standard Serial Number 978-81-203-4707-6
050 ## - LIBRARY OF CONGRESS CALL NUMBER
Classification number QA 76.9 .M 3 J 493 2013
100 ## - MAIN ENTRY--PERSONAL NAME
Personal name JHA, DAVENDRANATH G
245 ## - TITLE STATEMENT
Title COMPUTER CONCEPTS AND MANAGEMENT INFORMATION SYSTEMS
250 ## - EDITION STATEMENT
Edition statement 2
260 ## - PUBLICATION, DISTRIBUTION, ETC.
Place of publication, distribution, etc. DELHI,
Name of publisher, distributor, etc. PHI LEARNING PRIVATE LIMITED,
Date of publication, distribution, etc. 2013,
500 ## - GENERAL NOTE
General note INCLUDES BIBLIOGRAPHICAL REFERENCES AND INDEX
650 ## - SUBJECT ADDED ENTRY
Topical term or geographic name entry element 1. Management information systems-Textbooks 2.Computer science-Textbooks 3. Decision support systems-Textbooks 4. Information technology-Management-Textbooks
942 ## - ADDED ENTRY ELEMENTS (KOHA)
Source of classification or shelving scheme Library of Congress Classification
Koha item type Long Loan Book
Holdings
Withdrawn status Lost status Source of classification or shelving scheme Damaged status Not for loan Collection Home library Current library Shelving location Date acquired Inventory number Total checkouts Full call number Barcode Date last seen Copy number Price effective from Koha item type
    Library of Congress Classification     Science & Technology Kisii University Library Kisii University Library On Display 04/22/2026 113164   QA 76.9 .M 3 J 493 2013 A001815 04/22/2026 1 04/22/2026 Long Loan Book
    Library of Congress Classification     Science & Technology Kisii University Library Kisii University Library On Display 04/22/2026 113165   QA 76.9. M 3 J 493 2013 A001816 04/22/2026 2 04/22/2026 Long Loan Book
    Library of Congress Classification     Science & Technology Kisii University Library Kisii University Library On Display 04/22/2026 113166   QA 76.9 .M 3 J 493 2013 A001817 04/22/2026 3 04/22/2026 Long Loan Book
    Library of Congress Classification     Science & Technology Kisii University Library Kisii University Library On Display 04/22/2026 113167   QA 76.9 .M 3 J 493 2013 A001818 04/22/2026 4 04/22/2026 Long Loan Book